000 00658nam a2200205 i 4500
001 101343
003 ES-MaACL
005 20250829062546.0
007 t|
008 051017s1967 sp ||||1| spa d
100 1 _aMaurois, André,
_d1885-1967
_979267
245 1 0 _aPrometeo o la vida de Balzac /
_cAndré Maurois, [seud.] de Emile Herzog; [traducción de J. Ferrer Aleu].
250 _a[1ª ed.].
260 _aBarcelona :
_bPlaza & Janés,
_c1967.
300 _a635 p., 14 lám. ;
_c22 cm.
600 1 4 _aBalzac, Honoré de,
_d1799-1850
_925139
700 1 _aFerrer Aleu, J.
_950442
852 _aES-MaACL
_jC-29062
_bR.59496
999 _c101343
_d101343